Athlétisme - Décathlon - Statistiques

Statistiques générales
  • Ce quiz a été pris 204 fois
  • Le résultat moyen est 9 sur 10
Statistiques - réponses
Hint Réponse % Correct
4 Saut en hauteur
96%
9 Lancer du javelot
95%
8 Saut à la perche
95%
1 100 mètres
94%
2 Saut en longueur
94%
3 Lancer du poids
93%
5 400 mètres
88%
7 Lancer du disque
88%
10 1500 mètres
82%
6 110 mètres haies
78%
Aucun quiz correspondant
Distribution des résultats
% des personnes avec chaque résultat
Percentile par nombre de réponses
Votre historique - résultats
Vous n’avez pas pris ce quiz